000 00478nab a2200145 4500
003 ES-SlBCS
005 20220203142251.0
008 151006s2015 sp ||||| |||| 00| 0 spa d
040 _aES-SlBCS
_bspa
100 1 _aÁlvarez de los Mozos, Patxi
_970697
245 1 1 _a"Nacer de nuevo" para una ecología integral
_cPatxi Álvarez de los Mozos, S.J.
650 0 4 _aEcología
_915891
773 0 _gVol. 87, Nº 345, 2015, págs. 339-349
_tManresa
_wRev265
_x0214-2457
942 _2lcc
_cAR
999 _c854050
_d854050